[Event "European Cities & Towns Chess Championship - Women"]
[Site "Central Europe"]
[Date "2023.01.29"]
[Round "5.6.2"]
[White "Sklavounou, Kalliopi"]
[Black "Paja, Valdete"]
[Result "1-0"]
[WhiteElo "1375"]
[BlackElo "1257"]
[BlackCountry "AL"]
[BlackFideId "4707761"]
[BlackTeam "TEUTA - Durres Albania"]
[Termination "time forfeit"]
[WhiteCountry "GR"]
[WhiteFideId "25839250"]
[WhiteTeam "Corfu, Greece"]

1. Nf3 e6 2. c4 c5 3. g3 a6 4. Bg2 Nf6 5. O-O Be7 6. d4 h6 7. Nc3 cxd4 8. 
Nxd4 Nc6 9. e4 Nxd4 10. Qxd4 O-O 11. e5 Nh7 12. Ne4 Rb8 13. Be3 f5 14. 
exf6 Nxf6 15. Rfd1 Nxe4 16. Bxe4 Bf6 17. Qd2 Rf7 18. Bg6 Re7 19. Bc5 d6 
20. Bxd6 Rd7 21. c5 Be5 22. Qe3 Bxd6 23. Qxe6+ Kh8 24. cxd6 b5 25. Re1 Bb7
26. Rad1 Bc6 27. Be8 Ra7 28. Bxc6 Rb6 29. d7 Rb8 30. Qe8+ Kh7 31. Be4+ g6 
32. Bxg6+ 1-0

[Event "European Cities & Towns Chess Championship - Women"]
[Site "Central Europe"]
[Date "2023.01.29"]
[Round "5.6.3"]
[White "Ndreko, Ailin"]
[Black "Sklavounou, Iliana"]
[Result "1-0"]
[WhiteElo "1256"]
[BlackElo "1296"]
[BlackCountry "GR"]
[BlackFideId "25829238"]
[BlackTeam "Corfu, Greece"]
[WhiteCountry "AL"]
[WhiteFideId "4705807"]
[WhiteTeam "TEUTA - Durres Albania"]

1. e4 c5 2. f4 d6 3. Nf3 Nc6 4. Bb5 Bd7 5. Bxc6 Bxc6 6. d3 Nf6 7. O-O e6 
8. Nc3 Be7 9. h3 O-O 10. Be3 d5 11. e5 Nd7 12. d4 cxd4 13. Nxd4 Bc5 14. 
Kh1 Qb6 15. Rb1 Rfe8 16. a3 f6 17. b4 Bxd4 18. Bxd4 Qd8 19. b5 fxe5 20. 
fxe5 Nxe5 21. Bxe5 Bd7 22. Qg4 g6 23. Bf6 Qc7 24. Qg5 Qd6 25. Be5 Qxa3 26.
 Qf6 1-0

[Event "European Cities & Towns Chess Championship - Women"]
[Site "Central Europe"]
[Date "2023.01.29"]
[Round "6.1.1"]
[White "Cvitan, Ena"]
[Black "Unuk, Laura"]
[Result "1/2-1/2"]
[WhiteElo "2301"]
[BlackElo "2296"]
[BlackCountry "SI"]
[BlackFideId "14609215"]
[BlackTeam "Ljubljana Women"]
[BlackTitle "IM"]
[WhiteCountry "HR"]
[WhiteFideId "14534215"]
[WhiteTeam "Rijeka"]
[WhiteTitle "FM"]

1. d4 Nf6 2. c4 e6 3. Nc3 d5 4. cxd5 exd5 5. Bg5 c6 6. e3 Nbd7 7. Bd3 Be7 
8. Nge2 h6 9. Bh4 Nh5 10. Bxe7 Qxe7 11. O-O O-O 12. Rb1 Nb6 13. b4 Nc4 14.
 b5 Be6 15. bxc6 bxc6 16. Bxc4 dxc4 17. e4 Rfd8 18. Qa4 Qc7 19. Qa6 Nf4 
20. Rb7 Nxe2+ 21. Nxe2 Qd6 22. e5 Qd5 23. Nf4 Qxd4 24. Nxe6 fxe6 25. Qxc6 
Qxe5 26. Qxc4 Rac8 27. Qg4 Rd4 28. Qg6 Rcd8 29. Qg3 Qxg3 30. hxg3 R8d7 31.
 Rxd7 Rxd7 32. Re1 Kf7 1/2-1/2

[Event "European Cities & Towns Chess Championship - Women"]
[Site "Central Europe"]
[Date "2023.01.29"]
[Round "6.1.2"]
[White "Urh, Zala"]
[Black "Vujnovic, Patricija"]
[Result "1-0"]
[WhiteElo "2282"]
[BlackElo "2130"]
[BlackCountry "HR"]
[BlackFideId "14502313"]
[BlackTeam "Rijeka"]
[BlackTitle "WFM"]
[Termination "time forfeit"]
[WhiteCountry "SI"]
[WhiteFideId "14611481"]
[WhiteTeam "Ljubljana Women"]
[WhiteTitle "WIM"]

1. d4 d5 2. Nf3 Nf6 3. Bf4 e6 4. e3 Bd6 5. Nbd2 Bxf4 6. exf4 c5 7. dxc5 
Qc7 8. g3 Qxc5 9. Bd3 Nc6 10. c3 O-O 11. O-O Re8 12. Ne5 b5 13. Qe2 a6 14.
 Ndf3 Bb7 15. Ng5 Nd8 16. Rad1 Rc8 17. Bb1 Rc7 18. Qd3 g6 19. h4 Ne4 20. 
Nxe4 dxe4 21. Qe2 f5 22. Qe3 Qe7 23. Rd2 Nf7 24. Nxf7 Kxf7 25. Rfd1 Bd5 
26. Bc2 Rec8 27. Bb3 Bxb3 28. axb3 Rb7 29. b4 Rcc7 30. Qd4 Rd7 31. Qxd7 
1-0

[Event "European Cities & Towns Chess Championship - Women"]
[Site "Central Europe"]
[Date "2023.01.29"]
[Round "6.1.3"]
[White "Berke, Ana"]
[Black "Vidic, Teja"]
[Result "0-1"]
[WhiteElo "2108"]
[BlackElo "2138"]
[BlackCountry "SI"]
[BlackFideId "14605511"]
[BlackTeam "Ljubljana Women"]
[BlackTitle "WIM"]
[Termination "time forfeit"]
[WhiteCountry "HR"]
[WhiteFideId "14510359"]
[WhiteTeam "Rijeka"]
[WhiteTitle "WIM"]

1. e4 e5 2. Nf3 Nc6 3. Bb5 a6 4. Ba4 b5 5. Bb3 g6 6. d4 exd4 7. Bg5 Be7 8.
 h4 h6 9. Bf4 Nf6 10. e5 Nh5 11. Qd2 d6 12. exd6 Bxd6 13. Bxh6 Qe7+ 14. 
Kf1 Bg4 15. Bd5 Qd7 16. Nxd4 Nxd4 17. Qxd4 O-O-O 18. Qa7 c6 19. Qa8+ Bb8 
20. Bg5 f6 21. Qxa6+ Qb7 22. Qxb7+ Kxb7 23. f3 Rxd5 24. Nc3 Rd7 25. fxg4 
Ng3+ 26. Kg1 fxg5 27. Rh3 gxh4 28. Re1 g5 29. Ne4 Nxe4 30. Rxe4 Bg3 31. 
Kf1 Rd2 32. c4 Rf8+ 0-1

[Event "European Cities & Towns Chess Championship - Women"]
[Site "Central Europe"]
[Date "2023.01.29"]
[Round "6.1.4"]
[White "Rozman, Monika"]
[Black "Kukic, Lora"]
[Result "0-1"]
[WhiteElo "2125"]
[BlackElo "1945"]
[BlackCountry "HR"]
[BlackFideId "14520699"]
[BlackTeam "Rijeka"]
[WhiteCountry "SI"]
[WhiteFideId "14609118"]
[WhiteTeam "Ljubljana Women"]
[WhiteTitle "WFM"]

1. e4 c5 2. Nf3 d6 3. d4 cxd4 4. Nxd4 Nf6 5. Nc3 g6 6. Be3 Bg7 7. Bc4 O-O 
8. h3 Nc6 9. Bb3 Bd7 10. O-O Na5 11. Re1 a6 12. Qd2 Re8 13. Bg5 Qc7 14. 
Rad1 Nxb3 15. axb3 Bc6 16. Bxf6 Bxf6 17. Nd5 Bxd5 18. exd5 Qc5 19. Ne2 b5 
20. b4 Qc4 21. c3 a5 22. Ng3 axb4 23. Re4 bxc3 24. Rxc4 cxd2 25. Rb4 Rec8 
26. Rxd2 Ra1+ 27. Kh2 Ra5 28. f4 Rc4 29. Rxc4 bxc4 30. Ne4 Bg7 31. Rc2 Ra4
32. Kg3 Rb4 33. Nc3 Rb3 34. Kf3 e6 35. dxe6 fxe6 36. Ke2 d5 37. Nd1 Kf7 
38. Kf2 Bd4+ 39. Ke2 e5 40. Rd2 Ke6 41. fxe5 Kxe5 42. Rc2 Rg3 43. Kf1 Rb3 
44. Re2+ Kd6 45. Rd2 Kc5 46. Rc2 Kd6 47. Rd2 Kc5 48. Rc2 Rd3 49. Nf2 Bxf2 
50. Rxf2 Rd1+ 51. Ke2 Rb1 52. Kf3 d4 53. Kg4 d3 54. Kg5 Kd4 55. Kh6 Ke3 
56. Rf3+ Ke2 57. Rf4 d2 58. Re4+ Kd3 59. Re8 d1=Q 60. Rd8+ Kc2 61. Rc8 Qd7
62. Rxc4+ Kxb2 63. Rg4 Rf1 64. Rb4+ Kc3 65. Rb8 Rf5 66. g4 Rf7 67. h4 Qd2+
68. g5 Qe2 69. Rc8+ Kd4 70. Rd8+ Kc5 71. Rc8+ Kd6 72. Rd8+ Kc7 73. Rd7+ 
Kxd7 74. h5 Qxh5# 0-1

[Event "European Cities & Towns Chess Championship - Women"]
[Site "Central Europe"]
[Date "2023.01.29"]
[Round "6.2.1"]
[White "Avramidou, Anastasia"]
[Black "Lehaci, Miruna-Daria"]
[Result "1-0"]
[WhiteElo "2321"]
[BlackElo "2154"]
[BlackCountry "RO"]
[BlackFideId "1234765"]
[BlackTeam "Iasi"]
[BlackTitle "WIM"]
[WhiteCountry "GR"]
[WhiteFideId "4239873"]
[WhiteTeam "Thessaloniki"]
[WhiteTitle "FM"]

1. d4 d5 2. c4 e6 3. Nc3 a6 4. cxd5 exd5 5. Bf4 c6 6. e3 Bd6 7. Bxd6 Qxd6 
8. Bd3 Ne7 9. Qc2 g6 10. h4 h5 11. Nge2 Bf5 12. O-O-O Bxd3 13. Qxd3 Nd7 
14. e4 dxe4 15. Nxe4 Qc7 16. Qa3 Nf5 17. N2g3 c5 18. dxc5 O-O-O 19. Nxf5 
Qf4+ 20. Qe3 Qc7 21. Nfd6+ Kb8 22. Nxf7 Rde8 23. Nxh8 Rxh8 24. Qg3 Ne5 25.
 Rhe1 Rc8 26. Kb1 Ka8 27. Nc3 Re8 28. f4 1-0

[Event "European Cities & Towns Chess Championship - Women"]
[Site "Central Europe"]
[Date "2023.01.29"]
[Round "6.2.2"]
[White "Obada, Ema"]
[Black "Grapsa, Georgia"]
[Result "1-0"]
[WhiteElo "2106"]
[BlackElo "1989"]
[BlackCountry "GR"]
[BlackFideId "4206436"]
[BlackTeam "Thessaloniki"]
[BlackTitle "WFM"]
[WhiteCountry "RO"]
[WhiteFideId "1234803"]
[WhiteTeam "Iasi"]
[WhiteTitle "WCM"]

1. e4 c5 2. Nf3 d6 3. Bb5+ Bd7 4. Bxd7+ Qxd7 5. c4 e5 6. O-O Be7 7. Nc3 
Bd8 8. d3 Ne7 9. Rb1 Nbc6 10. a3 O-O 11. b4 Bb6 12. Bg5 f6 13. Bd2 cxb4 
14. axb4 Nd4 15. Be3 f5 16. Bxd4 exd4 17. Ne2 fxe4 18. dxe4 Qg4 19. Nexd4 
Ng6 20. h3 Qxe4 21. Re1 Qf4 22. Ne6 Qxc4 23. Nxf8 Rxf8 24. Qxd6 Qc2 25. 
Qe6+ Kh8 26. Qe2 Qf5 27. Qe4 Qb5 28. Rbd1 Nf4 29. Rd2 h6 30. Kh1 Qh5 31. 
Qe7 Ng6 32. Qxb7 Nh4 33. Nxh4 Qxh4 34. Qe7 Qf4 35. Rd7 Rg8 36. Qf7 Qxb4 
37. Re8 Qb1+ 38. Kh2 Qh7 39. Rb7 Bc5 40. Rxg8+ Qxg8 41. Qc7 Bb6 42. Qe5 
Kh7 43. Rb8 Qf7 44. Qe4+ Qg6 45. Rh8+ 1-0

[Event "European Cities & Towns Chess Championship - Women"]
[Site "Central Europe"]
[Date "2023.01.29"]
[Round "6.2.3"]
[White "Drakaki, Anna-Maria"]
[Black "Andries, Alexia"]
[Result "1-0"]
[WhiteElo "1941"]
[BlackElo "1567"]
[BlackCountry "RO"]
[BlackFideId "1267272"]
[BlackTeam "Iasi"]
[WhiteCountry "GR"]
[WhiteFideId "4225210"]
[WhiteTeam "Thessaloniki"]

1. d4 Nf6 2. c4 g6 3. Nf3 Bg7 4. Nc3 O-O 5. Bf4 d6 6. e3 Nbd7 7. Be2 c5 8.
 h3 a6 9. O-O b5 10. cxb5 axb5 11. Bxb5 Ba6 12. Bxa6 Rxa6 13. Qe2 Qb6 14. 
b3 Rfa8 15. Na4 Qb4 16. Ne1 Nd5 17. Nd3 Qa5 18. Rac1 Nxf4 19. Nxf4 cxd4 
20. exd4 e6 21. Rfd1 d5 22. Rc2 Nb6 23. Nc5 R6a7 24. Rdc1 Bxd4 25. Nfd3 
Nd7 26. a4 Nxc5 27. Nxc5 Rb8 28. Qd3 Bg7 29. Qe2 Bf8 30. Qe5 Rc8 31. Nd7 
Rxc2 32. Nf6+ Kg7 33. Rxc2 Ra8 34. Nxd5+ Kg8 35. Nf6+ Kg7 36. Qf4 Qa6 37. 
Rc4 Bd6 38. Qh4 Rh8 39. Ng4 h5 40. Qf6+ Kg8 41. Ne3 Rh7 42. g3 Rg7 43. 
Qd8+ Kh7 44. Rc8 g5 45. Qh8+ Kg6 46. g4 h4 47. Qh5+ Kf6 48. Qh6+ Rg6 49. 
Qh8+ Ke7 50. Qd8# 1-0

[Event "European Cities & Towns Chess Championship - Women"]
[Site "Central Europe"]
[Date "2023.01.29"]
[Round "6.2.4"]
[White "Cretu, Sofia"]
[Black "Pasoglou, Ekaterini"]
[Result "0-1"]
[WhiteElo "1221"]
[BlackElo "1872"]
[BlackCountry "GR"]
[BlackFideId "4247663"]
[BlackTeam "Thessaloniki"]
[Termination "time forfeit"]
[WhiteCountry "RO"]
[WhiteFideId "1283790"]
[WhiteTeam "Iasi"]

1. e4 c5 2. Nf3 d6 3. d4 cxd4 4. Nxd4 Nf6 5. Nc3 a6 6. Be2 e5 7. Nf3 Be7 
8. O-O O-O 9. Be3 Ng4 10. Qd2 Nxe3 11. Qxe3 Be6 12. Rad1 Nd7 13. Nd5 Nf6 
14. Nxe7+ Qxe7 15. a3 b5 16. Bd3 Rfd8 17. Ng5 Ng4 18. Qc1 Bd7 19. h3 Nf6 
20. Nf3 Bc6 21. Rfe1 Qb7 22. Qe3 Nh5 23. Qg5 Nf4 24. Nh4 h6 25. Qg3 Qe7 
26. Nf5 Qf6 27. Kh1 Kh7 28. Kg1 g6 29. Ne3 Nh5 30. Qf3 Qxf3 31. gxf3 Nf4 
32. Kh2 Bd7 33. Ng4 Kg7 34. h4 Rac8 35. c3 Be6 36. Bc2 f5 37. Ne3 Kf6 38. 
Ng2 Nh5 39. Rd2 Rc7 40. Red1 Rcd7 41. Ne3 Nf4 42. Ng2 Nxg2 43. Kxg2 f4 44.
 Kh2 g5 45. hxg5+ hxg5 46. Kg2 g4 47. fxg4 Bxg4 48. Rh1 Kg6 49. f3 Be6 50.
 Kf1 Rg7 51. Rg2+ Kf7 52. Rxg7+ Kxg7 53. Rg1+ Kf6 54. Kf2 Rg8 55. Rxg8 
Bxg8 56. Ke2 Be6 57. Kf2 Kg5 58. Kg2 Kh4 59. Kh2 Bf7 60. Bd1 d5 61. exd5 
Bxd5 62. Be2 Kg5 63. Kg2 Kf5 64. Bd3+ e4 65. fxe4+ Bxe4+ 66. Bxe4+ Kxe4 
67. Kf2 a5 68. Ke2 a4 0-1

[Event "European Cities & Towns Chess Championship - Women"]
[Site "Central Europe"]
[Date "2023.01.29"]
[Round "6.3.1"]
[White "Houska, Jovanka"]
[Black "Tsapaki, Asimenia"]
[Result "1-0"]
[WhiteElo "2338"]
[BlackElo "1498"]
[BlackCountry "GR"]
[BlackFideId "25845365"]
[BlackTeam "Heraklion Women"]
[WhiteCountry "GB"]
[WhiteFideId "405094"]
[WhiteTeam "London Women"]
[WhiteTitle "IM"]

1. d4 Nf6 2. Nf3 e6 3. c4 Bb4+ 4. Bd2 Qe7 5. Nc3 O-O 6. Qc2 d6 7. a3 Bxc3 
8. Bxc3 b6 9. e4 Bb7 10. Bd3 h6 11. e5 Ne8 12. O-O-O Nd7 13. Kb1 dxe5 14. 
Nxe5 Nd6 15. f4 Nf6 16. Rde1 a6 17. Rhg1 Nd7 18. g4 f5 19. Ng6 Qf6 20. 
Nxf8 Rxf8 21. d5 1-0

[Event "European Cities & Towns Chess Championship - Women"]
[Site "Central Europe"]
[Date "2023.01.29"]
[Round "6.3.2"]
[White "Kontogianni, Vasiliki (Vivian)"]
[Black "Yao, Lan"]
[Result "0-1"]
[WhiteElo "1442"]
[BlackElo "2271"]
[BlackCountry "GB"]
[BlackFideId "8610835"]
[BlackTeam "London Women"]
[BlackTitle "WIM"]
[WhiteCountry "GR"]
[WhiteFideId "42106672"]
[WhiteTeam "Heraklion Women"]

1. e4 c5 2. Nf3 e6 3. d4 cxd4 4. Nxd4 Nc6 5. Nc3 Qc7 6. Be3 a6 7. Be2 b5 
8. a3 Bb7 9. Qd2 Nf6 10. f3 Rc8 11. O-O Be7 12. Rad1 O-O 13. Kh1 Rfd8 14. 
Nb3 d5 15. exd5 Nxd5 16. Nxd5 Rxd5 17. Qc1 Ne5 18. Rxd5 Bxd5 19. Nd4 Nc4 
20. c3 Nxe3 21. Qxe3 Bc5 22. Qd2 Rd8 23. Qc1 Qe5 24. Nc2 Qxe2 25. Re1 Qf2 
26. Rf1 Qh4 27. Ne3 Bd6 28. g3 Bxg3 29. Qd2 Bxf3+ 30. Rxf3 Rxd2 31. Rxg3 
Qxh2# 0-1

[Event "European Cities & Towns Chess Championship - Women"]
[Site "Central Europe"]
[Date "2023.01.29"]
[Round "6.3.3"]
[White "Toma, Katarzyna"]
[Black "Varveraki, Argiri"]
[Result "1-0"]
[WhiteElo "2232"]
[BlackElo "1404"]
[BlackCountry "GR"]
[BlackFideId "4217667"]
[BlackTeam "Heraklion Women"]
[WhiteCountry "GB"]
[WhiteFideId "1119907"]
[WhiteTeam "London Women"]
[WhiteTitle "WGM"]

1. e4 c5 2. Nf3 e6 3. d4 cxd4 4. Nxd4 a6 5. Bd3 b5 6. O-O Nf6 7. a4 b4 8. 
c3 Qc7 9. Bg5 Bb7 10. Re1 d6 11. cxb4 Be7 12. Nc3 O-O 13. b5 Qb6 14. Be3 
Qd8 15. b6 Nbd7 16. a5 Nc5 17. f3 Rc8 18. Be2 Nfd7 19. b4 Nxe4 20. Nxe4 d5
21. Nc5 Nxc5 22. bxc5 Bxc5 23. Bd3 Bb4 24. Re2 e5 25. Nf5 d4 26. Bd2 Bc3 
27. Bxc3 Rxc3 28. Rxe5 Qf6 29. Re2 g6 30. Ng3 Rfc8 31. Ne4 Bxe4 32. Rxe4 
Qc6 33. h3 f5 34. Re1 Qc5 35. Qe2 Qc6 36. Rad1 Rc5 37. Qe6+ Qxe6 38. Rxe6 
Rxa5 39. b7 Rb8 40. Rxa6 Rxa6 41. Bxa6 Rd8 42. Rxd4 1-0

[Event "European Cities & Towns Chess Championship - Women"]
[Site "Central Europe"]
[Date "2023.01.29"]
[Round "6.3.4"]
[White "Papadimitriou, Argyro"]
[Black "Hryshchenko, Kamila"]
[Result "0-1"]
[WhiteElo "1000"]
[BlackElo "2139"]
[BlackCountry "GB"]
[BlackFideId "14147491"]
[BlackTeam "London Women"]
[Termination "time forfeit"]
[WhiteCountry "GR"]
[WhiteFideId "42133041"]
[WhiteTeam "Heraklion Women"]

1. d4 d6 2. c4 g6 3. Nf3 Bg7 4. Nc3 Nf6 5. Bf4 O-O 6. e3 Nbd7 7. h3 c6 8. 
Bd3 Qe8 9. Bg3 e5 10. e4 exd4 11. Ne2 Nxe4 12. Bxe4 Qxe4 13. Ng5 Qe7 14. 
Nf3 Re8 15. Rc1 Nc5 16. Kf1 Ne4 17. Rc2 Bf5 18. Bh4 g5 19. Bxg5 Nxg5 20. 
Rc1 Nxf3 21. gxf3 d3 22. Nf4 Qg5 23. Qd2 Re2 24. Rg1 Bxh3+ 25. Rg2 Bxg2+ 
26. Nxg2 Qxd2 0-1

[Event "European Cities & Towns Chess Championship - Women"]
[Site "Central Europe"]
[Date "2023.01.29"]
[Round "6.4.1"]
[White "Cramling, Pia"]
[Black "Can, Isil"]
[Result "1-0"]
[WhiteElo "2458"]
[BlackElo "2007"]
[BlackCountry "TR"]
[BlackFideId "34505733"]
[BlackTeam "Istanbul"]
[BlackTitle "WCM"]
[WhiteCountry "SE"]
[WhiteFideId "1700030"]
[WhiteTeam "Stockholm 2 - Sweden"]
[WhiteTitle "GM"]

1. Nf3 d5 2. d4 c6 3. c4 Nf6 4. Qc2 e6 5. Bg5 Nbd7 6. Nbd2 Qa5 7. a3 Ne4 
8. Bf4 Ndf6 9. h3 Bb4 10. Rc1 Bxd2+ 11. Bxd2 Nxd2 12. Qxd2 Qd8 13. e3 Ne4 
14. Qd3 O-O 15. Be2 b6 16. cxd5 Qxd5 17. O-O Bb7 18. Rfd1 Rfd8 19. Qb1 Nd6
20. Ne5 c5 21. Bf3 Ne4 22. Bxe4 Qxe4 23. Qxe4 Bxe4 24. dxc5 Rxd1+ 25. Rxd1
bxc5 26. f3 Bd5 27. e4 Bb3 28. Rd7 f6 29. Nd3 c4 30. Nc1 Ba4 31. Rc7 Bb5 
32. Ne2 e5 33. Nc3 Be8 34. Rxc4 Rb8 35. b4 Bf7 36. Rc7 a6 37. Rc6 Ra8 38. 
h4 Kf8 39. Rc7 Be8 40. Rc5 Bf7 41. Nd5 Rb8 42. Ra5 Bxd5 43. Rxd5 Ke7 44. 
h5 h6 45. Kf2 Ke6 46. Ra5 Rb6 47. Kg3 f5 48. exf5+ Kxf5 49. f4 Re6 50. 
Rxe5+ Rxe5 51. fxe5 Kxe5 52. Kg4 Kd4 53. a4 Kc4 54. b5 axb5 55. axb5 Kxb5 
56. Kf5 Kc5 57. Kg6 1-0

[Event "European Cities & Towns Chess Championship - Women"]
[Site "Central Europe"]
[Date "2023.01.29"]
[Round "6.4.2"]
[White "Onur, Cigdem"]
[Black "Tetenkina, Irina"]
[Result "1-0"]
[WhiteElo "1922"]
[BlackElo "2213"]
[BlackCountry "SE"]
[BlackFideId "13500996"]
[BlackTeam "Stockholm 2 - Sweden"]
[BlackTitle "WIM"]
[Termination "time forfeit"]
[WhiteCountry "TR"]
[WhiteFideId "6346030"]
[WhiteTeam "Istanbul"]
[WhiteTitle "WCM"]

1. e4 e6 2. d4 d5 3. Nd2 dxe4 4. Nxe4 Nf6 5. Nxf6+ gxf6 6. Nf3 c5 7. Be3 
Qb6 8. Be2 Nc6 9. O-O Bd7 10. dxc5 Bxc5 11. Bxc5 Qxc5 12. c3 O-O-O 13. b4 
Qb6 14. a4 Ne5 15. Qb3 Bc6 16. Nxe5 fxe5 17. b5 Rhg8 18. g3 Rd2 19. Qc4 e4
20. bxc6 e3 21. cxb7+ Kb8 22. Qf4+ Qc7 23. Qxe3 Rd5 24. Bf3 Rc5 25. Rfc1 
h5 26. Bg2 h4 27. Rab1 hxg3 28. hxg3 Rh5 29. Rb5 1-0

[Event "European Cities & Towns Chess Championship - Women"]
[Site "Central Europe"]
[Date "2023.01.29"]
[Round "6.4.3"]
[White "Johansson, Viktoria"]
[Black "Hereklioglu, Sude"]
[Result "0-1"]
[WhiteElo "2042"]
[BlackElo "1911"]
[BlackCountry "TR"]
[BlackFideId "6359531"]
[BlackTeam "Istanbul"]
[BlackTitle "WFM"]
[WhiteCountry "SE"]
[WhiteFideId "1701940"]
[WhiteTeam "Stockholm 2 - Sweden"]
[WhiteTitle "WIM"]

1. d4 Nf6 2. Nf3 g6 3. c4 Bg7 4. Nc3 O-O 5. e4 d6 6. Be2 Bg4 7. O-O Nbd7 
8. Be3 Bxf3 9. Bxf3 e5 10. d5 a5 11. Be2 Nc5 12. f3 Nh5 13. Qd2 f5 14. 
exf5 gxf5 15. f4 Nxf4 16. Bxf4 exf4 17. Qxf4 a4 18. a3 Qf6 19. Rad1 Rae8 
20. Bh5 Re7 21. Rf3 Ne4 22. Rdf1 Bh6 23. Nxe4 Qd4+ 24. Kh1 Bxf4 25. Rxf4 
Rxe4 26. R4f3 f4 27. g3 Qxb2 28. gxf4 Kh8 29. Bg4 Rg8 30. R3f2 Qxa3 31. 
Be6 Qd3 32. Bxg8 Kxg8 33. Rg2+ Kf7 34. Rg3 Qxf1+ 0-1

[Event "European Cities & Towns Chess Championship - Women"]
[Site "Central Europe"]
[Date "2023.01.29"]
[Round "6.4.4"]
[White "Mustu, Hatice Asli"]
[Black "Andric, Jelena"]
[Result "1-0"]
[WhiteElo "1903"]
[BlackElo "1967"]
[BlackCountry "SE"]
[BlackFideId "919853"]
[BlackTeam "Stockholm 2 - Sweden"]
[BlackTitle "WFM"]
[WhiteCountry "TR"]
[WhiteFideId "34576843"]
[WhiteTeam "Istanbul"]

1. d4 e6 2. Nf3 b6 3. g3 Bb7 4. Bg2 f5 5. O-O Nf6 6. Re1 Be7 7. Nfd2 Bxg2 
8. Kxg2 O-O 9. e4 fxe4 10. Nxe4 Nc6 11. Nxf6+ Bxf6 12. Be3 Nb4 13. Nc3 Qc8
14. Kg1 Qb7 15. Qe2 Rac8 16. Rad1 a5 17. Bf4 Nc6 18. Be5 Ne7 19. Ne4 Bxe5 
20. dxe5 Qc6 21. Qd3 Rcd8 22. Ng5 Ng6 23. Re4 Rf5 24. f4 h6 25. Nf3 Rf7 
26. Nd4 Qc5 27. Kh1 Rdf8 28. Nb3 Qc6 29. Kg1 a4 30. Rc4 Qb5 31. Nd4 Qxb2 
32. Qxg6 c5 33. Nf3 Qxa2 34. Rc3 a3 35. Qd3 Qb2 36. Rxa3 g5 37. c4 gxf4 
38. Rb1 Qxa3 39. Qxa3 fxg3 40. Rf1 Rg7 41. hxg3 Rxg3+ 42. Kh2 Rg4 43. Rg1 
h5 44. Rxg4+ hxg4 45. Nh4 Kg7 46. Qd3 Rh8 47. Qg6+ Kf8 48. Kg3 d5 49. Qf6+
Kg8 50. Ng6 Rh3+ 51. Kxg4 Rc3 52. Ne7+ Kh7 53. Qg6+ Kh8 54. Qh6# 1-0

[Event "European Cities & Towns Chess Championship - Women"]
[Site "Central Europe"]
[Date "2023.01.29"]
[Round "6.5.1"]
[White "Gkoutzouki, Aikaterini Argyro"]
[Black "Reizniece-Ozola, Dana"]
[Result "1/2-1/2"]
[WhiteElo "1742"]
[BlackElo "2265"]
[BlackCountry "LV"]
[BlackFideId "11601124"]
[BlackTeam "Kuldiga CC - Latvia"]
[BlackTitle "WGM"]
[WhiteCountry "GR"]
[WhiteFideId "25838105"]
[WhiteTeam "Corfu, Greece"]

1. d4 Nf6 2. c4 g6 3. Nc3 Bg7 4. e4 d6 5. Nf3 O-O 6. Be2 e5 7. d5 a5 8. 
Bg5 h6 9. Bh4 g5 10. Bg3 Nh5 11. h4 Nxg3 12. fxg3 g4 13. Nd2 h5 14. O-O 
Na6 15. a3 Bh6 16. b4 axb4 17. axb4 Bd7 18. Rb1 Qe7 19. Bd3 c5 20. dxc6 
bxc6 21. Qe2 Rab8 22. b5 Nc5 23. bxc6 Bxc6 24. Nd5 Bxd5 25. cxd5 Qa7 26. 
Kh2 Qa2 27. Nc4 Qxe2 28. Bxe2 Nxe4 29. Bd3 Nc5 30. Bf5 Rxb1 31. Rxb1 Rd8 
32. Rb5 Bf8 33. Rb6 Kg7 34. Rc6 e4 35. Bc8 Re8 36. Ne3 Kf6 37. Bd7 Nxd7 
38. Kg1 Ke5 39. Kf2 Ra8 40. Rc7 Nc5 41. Rxf7 Bh6 42. Nf5 Rf8 43. Nxh6 
Rxf7+ 44. Nxf7+ Kxd5 45. Ke3 Ne6 46. Ng5 Nc5 47. Nf7 Ke6 48. Nd8+ Kf5 49. 
Nc6 d5 50. Nd4+ Kf6 51. Nc6 Ke6 52. Nd4+ Ke5 53. Nc6+ Kf6 54. Kd4 Ne6+ 55.
 Kxd5 e3 56. Ne5 Kf5 57. Nd3 e2 58. Ne1 Nc7+ 59. Kd4 Nb5+ 60. Kd3 Ke5 61. 
Kxe2 Ke4 62. Nd3 Nc3+ 63. Kd2 Nd5 64. Ke2 Ne3 65. Nf4 Kd4 66. Nxh5 Nxg2 
67. Nf4 Ne3 68. h5 Nf5 69. h6 Nxh6 70. Kf2 Nf5 71. Nh5 Ke5 72. Nf4 Ke4 73.
 Nh5 Ke5 74. Nf4 Nxg3 75. Kxg3 Ke4 76. Nh5 Ke5 77. Nf6 Kxf6 78. Kxg4 
1/2-1/2

[Event "European Cities & Towns Chess Championship - Women"]
[Site "Central Europe"]
[Date "2023.01.29"]
[Round "6.5.2"]
[White "Krumina, Linda"]
[Black "Sklavounou, Kalliopi"]
[Result "1-0"]
[WhiteElo "2073"]
[BlackElo "1375"]
[BlackCountry "GR"]
[BlackFideId "25839250"]
[BlackTeam "Corfu, Greece"]
[WhiteCountry "LV"]
[WhiteFideId "11601701"]
[WhiteTeam "Kuldiga CC - Latvia"]
[WhiteTitle "WFM"]

1. d4 Nf6 2. c4 e6 3. Nf3 d5 4. Nc3 Be7 5. Bf4 c5 6. e3 O-O 7. cxd5 Nxd5 
8. Bg3 Nc6 9. Be2 b6 10. O-O Bb7 11. dxc5 Nxc3 12. bxc3 Bxc5 13. Qc2 Qe7 
14. Bh4 f6 15. Bd3 g6 16. Be4 Qf7 17. Qa4 Rac8 18. Rad1 f5 19. Ng5 Qe8 20.
 Bc2 Ne5 21. Qxa7 Qc6 22. e4 h6 23. Nxe6 Qxe6 24. Qxb7 fxe4 25. Bxe4 Qg4 
26. Bg3 Nf7 27. Rd7 Rb8 28. Qd5 Rbd8 29. Rxd8 Rxd8 30. Qc6 Rd1 31. Qe8+ 
Bf8 32. f3 Rxf1+ 33. Kxf1 Qg5 34. Qe6 Qb5+ 35. Ke1 Qg5 36. Bxg6 Qc1+ 37. 
Ke2 Qb2+ 38. Kf1 Qc1+ 39. Be1 Qf4 40. Bd2 Qc7 41. Be3 Qe7 42. Qxe7 Bxe7 
43. Bxf7+ Kxf7 44. Bxh6 Ba3 1-0

[Event "European Cities & Towns Chess Championship - Women"]
[Site "Central Europe"]
[Date "2023.01.29"]
[Round "6.5.3"]
[White "Sklavounou, Iliana"]
[Black "Maklakova, Nellija"]
[Result "0-1"]
[WhiteElo "1296"]
[BlackElo "1817"]
[BlackCountry "LV"]
[BlackFideId "11603470"]
[BlackTeam "Kuldiga CC - Latvia"]
[WhiteCountry "GR"]
[WhiteFideId "25829238"]
[WhiteTeam "Corfu, Greece"]

1. e4 b6 2. Nf3 Bb7 3. Nc3 g6 4. d4 Bg7 5. Be3 d6 6. Bd3 Nf6 7. O-O O-O 8.
 Qd2 Ng4 9. Bf4 e5 10. dxe5 dxe5 11. Bg5 f6 12. Bc4+ Kh8 13. Qxd8 Rxd8 14.
 Bd2 Na6 15. h3 Nh6 16. Nd5 c6 17. Bxa6 Bxa6 18. Nc7 Bxf1 19. Nxa8 Bxg2 
20. Kxg2 Rxa8 21. c4 Nf7 22. b3 Rd8 23. Bc3 Bh6 24. Bb4 Kg7 25. c5 b5 26. 
Ba5 Rd7 27. Kf1 Ng5 28. Nxg5 Bxg5 29. Ke2 f5 30. exf5 gxf5 31. Bc3 Kf6 32.
 h4 Bf4 33. Rd1 Rxd1 34. Kxd1 h5 35. f3 Bg3 36. Be1 Bh2 37. Bf2 Ke6 38. 
Kc2 Kd5 39. Kd3 e4+ 40. fxe4+ fxe4+ 41. Kc3 Be5+ 42. Kd2 Bd4 43. Bxd4 Kxd4
0-1